000 00802nam a2200241 a 4500
001 BRCA_5345
005 20190320205036.0
008 761115s1930 nyua#####b---#000-0beng-#
041 _aeng
044 _anyu
050 4 _aND813
_bL67 1930
245 1 0 _aLópez Mezquita in the collection of the Hispanic Society of America
_bScenes
260 _aNueva York
_bPrinted by order of the Trustees
_c1930
300 _a28 p.
_bil., 13 láminas
_c18 cm.
440 0 _aHispanic Notes & Monographs
_913705
504 _aBibliografía: p. 28
600 1 4 _aLópez Mezquita, José María
_d1883-1954
_913706
650 1 4 _aPintores españoles
_97620
650 1 4 _aPinturas españolas
_xColeccionistas y colecciones
_913707
710 2 _aThe Hispanic Society of America
_910966
902 _aGFM
942 _2lcc
_cB
999 _c5039
_d5039